| 000 | 00604nam a2200193 a 4500 | ||
|---|---|---|---|
| 005 | 20140310183619.0 | ||
| 008 | 120926s19uu xx 00 eng d | ||
| 020 | _a9780763774851 | ||
| 050 |
_aRT 89 _b.Ob27 2011 |
||
| 100 | _aObrien, Mary Elizabeth | ||
| 245 |
_aServant leadership in nursing : _bspirituality and practice in contemporary health care / _cMary Elizabeth Obrien. |
||
| 260 |
_aOntario : _bJones and Bartlett Pub, _c2011. |
||
| 300 |
_axviii, 355 p. : _c20 cm. |
||
| 521 | _aNUR | ||
| 650 | _aNursing services | ||
| 650 | _aNursing ethics | ||
| 942 |
_cBK _2lcc _kFOR |
||
| 999 |
_c25374 _d25374 |
||